Statistics for Most Common Words in UK Railway Stations

Click here to take the quiz!

General Stats

  • This quiz has been taken 459 times
  • The average score is 13 of 29

Answer Stats

#Answer% Correct
31Street
90%
36St
83%
31Central
82%
59Park
80%
47Road
68%
24East
64%
29North
64%
28South
64%
38West
64%
22Parkway
61%
19Junction
60%
9in
55%
21Town
45%
11Cross
39%
18London
38%
22New
37%
30Bridge
35%
34Hill
35%
19on
35%
11Lane
34%
9International
32%
59& (and)
31%
27Green
31%
12Airport
26%
11High
23%
10Sea
21%
13Wood
17%
9Bay
11%
12Heath
8%

Score Distribution

Percentile by Number Answered

Percent of People with Each Score

Your Score History

You have not taken this quiz